00242nam a2200097Ia 4500008004100000100002000041245002600061260003100087300000800118650001800126191201s2006 xx 000 0 und d aGULATI, Sarvesh 0aCorporate soft Skills aN.DelhibRupa and Coc2006 a306 aGeneral Books